Spokane Trivia - Statistics

General Stats
  • This quiz has been taken 100 times
    78 since last reset
  • The average score is 11 of 21
Answer Stats
Hint Answer % Correct
State Spokane is located in Washington
98%
Spokane's signature sport from a tournament & the Bulldogs Basketball
82%
This Idaho city, included in the Metropolitan Area, is Spokane's largest Satellite City Coeur d'Alene
78%
Both figures above were alumni from this private catholic college Gonzaga University
78%
Largest Suburb in the City with over 100,000 people Spokane Valley
69%
Spokane is birthplace of this holiday on the third Sunday of June Father's Day
65%
Home to Eastern Washington University Cheney
61%
Former Point Guard for the Utah Jazz John Stockton
59%
Name of the largest outdoor basketball tournament in the world Hoopfest
57%
On the first of may, this famous run brings in over 40k people since 1986 Bloomsday
53%
This park, a former rail yard, was constructed for the event above Riverfront Park
51%
Known as the first multimedia star Bing Crosby
45%
Most famous nickname Lilac City
45%
Famous hotel with Spanish Renaissance style designed by Kirkland Cutter Davenport Hotel
43%
Spokane hosted this environmental event in 1974 bringing in 5 Million Visitors Expo '74
43%
Daily Newspaper that serves Spokane and Northern Idaho Spokesman Review
41%
Spokane is the capital of this multistate region of the USA Inland Northwest
37%
3rd largest city in the Spokane metropolitan area Post Falls
27%
Along with Spokane County, these other two counties are included in the Metropolitan Area Stevens
20%
This structure housed the first usage of the IMAX theater to debut US Pavilion
16%
Along with Spokane County, these other two counties are included in the Metropolitan Area Pend Oreille
14%
No matching quizzes found
Score Distribution
Percent of People with Each Score
Percentile by Number Answered
Your Score History
You have not taken this quiz since the last reset